| 000 | 00783nam a2200241 a 4500 | ||
|---|---|---|---|
| 001 | 13447 | ||
| 003 | BD-JhCC | ||
| 005 | 20230924122102.0 | ||
| 008 | 230720s2020 bg |||| |||| 000 0 eng d | ||
| 020 | _a9789843456475 | ||
| 035 | _a(BD-JhCC)13447 | ||
| 040 |
_aBD-JhCC _dBD-JhCC |
||
| 041 | _abengali | ||
| 082 |
_a297.18 _bAMA 2020 |
||
| 100 | _aআমান,আবদুল আযীয আল | ||
| 245 |
_aমানুষের নাবী / _cআবদুল আযীয আল আমান। |
||
| 260 |
_aঢাকা : _bবইকেন্দ্র পাবলিকেশন; _c২০২০. |
||
| 300 |
_a৯৬ পৃ. : _c২১ সেমি. |
||
| 600 | _aHazrat Abdullah Ibn Abbas Ra. | ||
| 650 | _aMuslim legend | ||
| 650 | _aIslamic | ||
| 942 |
_2ddc _cBK |
||
| 999 |
_c13447 _d13447 |
||